000 00337nam a2200133Ia 4500
005 20260328104311.0
008 260328s9999||||xx |||||||||||||| ||und||
100 _aLayuno, María Angeles
245 0 _aLos Nuevos Museos en España /
_cMaría Angeles Layuno
260 _bEdilupa
300 _a125 p.
650 _aMUSEOS
942 _cBK
999 _c10949
_d10949